Movies Quiz

Random Movies or Football Quiz
Score 0/18 Timer 05:00
0 Plays Today
Finishing Position Podracer Pilot % Correct
1st PlaceAnakin Skywalker
97.2%
Crashed 3rd LapSebulba
92.9%
Never Started RaceBen Quadinaros
85.2%
2nd PlaceGasgano
79%
Crashed 3rd LapDud Bolt
71.3%
Crashed 2nd LapMars Guo
71.3%
Engine Destroyed During PitstopOdy Mandrell
69.8%
Crashed 2nd LapTeemto Pagalies
68.8%
Crashed 1st LapMawhonic
65.7%
Finishing Position Podracer Pilot % Correct
Crashed 2nd LapClegg Holdfast
63%
Crashed 1st LapRatts Tyerell
60.8%
3rd PlaceAldar Beedo
59.9%
Vanished 2nd LapNeva Kee
59%
6th PlaceBoles Roor
55.6%
Crashed 3rd LapArk 'Bumpy' Roose
54.6%
4th PlaceEbe Endocott
52.8%
Crashed 3rd LapWan Sandage
50.3%
Fifth PlaceElan Mak
49.4%
Remove Ads.
Support Sporcle.
Get the best of Sporcle when you Go Orange. This ad-free experience offers more features, more stats, and more fun while also helping to support Sporcle. Thank you for becoming a member.

You're not logged in!

Compare scores with friends on all Sporcle quizzes.
OR
Log In

Show Comments

Extras

Top Quizzes Today


Score Distribution

Your Account Isn't Verified!

In order to create a playlist on Sporcle, you need to verify the email address you used during registration. Go to your Sporcle Settings to finish the process.

Report this User

Report this user for behavior that violates our Community Guidelines.

Details: